[Event "IsBank TCh-TUR"]
[Site "Konya TUR"]
[Date "2010.07.01"]
[Round "4"]
[White "Ozen,A"]
[Black "Cebelli,O"]
[Result "0-1"]
[WhiteElo "1683"]
[BlackElo "2159"]
[EventDate "2010.06.29"]

1. e4 e6 2. d4 d5 3. e5 c5 4. c3 Qb6 5. Nf3 Bd7 6. Bd3 cxd4 7. cxd4 Nc6 8.
O-O Nxd4 9. Nxd4 Qxd4 10. Qe2 a6 11. Nd2 Ne7 12. Nf3 Qb6 13. Be3 Qd8 14.
Rac1 Nc6 15. a3 Be7 16. Qc2 Rc8 17. Qb1 h6 18. Rc3 g5 19. g4 h5 20. h3 hxg4
21. hxg4 d4 22. Bxd4 Nxd4 23. Nxd4 Rxc3 24. bxc3 Qc7 25. Qe1 Rh4 26. f3 f6
27. Qe4 Qxc3 28. exf6 Bc5 29. Qg6+ Kd8 30. Qxg5 Bxd4+ 31. Rf2 Qe1+ 0-1

[Event "IsBank TCh-TUR"]
[Site "Konya TUR"]
[Date "2010.07.01"]
[Round "4"]
[White "Gvetadze,Sopi"]
[Black "Guramishvili,S"]
[Result "0-1"]
[WhiteElo "2363"]
[BlackElo "2289"]
[EventDate "2010.06.29"]

1. e4 c5 2. Nf3 Nf6 3. Nc3 d6 4. d4 cxd4 5. Nxd4 a6 6. Bg5 Nbd7 7. f4 e5 8.
Nb3 Qb6 9. f5 Be7 10. Qf3 Qc7 11. g4 b5 12. Bxf6 Bxf6 13. h4 Bb7 14. O-O-O
Rc8 15. Rd2 Be7 16. g5 Nb6 17. f6 gxf6 18. Bh3 Rb8 19. gxf6 Bf8 20. Qh5 Bc8
21. Nd5 Nxd5 22. exd5 Bxh3 23. Rxh3 Rg8 24. Rd1 Rg6 25. Rf3 Rc8 26. c3 Qc4
27. Qf5 Qg4 28. h5 Qxf5 29. Rxf5 Bh6+ 30. Kb1 Rg5 31. Rdf1 Kd7 32. Na5 Rxf5
33. Rxf5 Rc5 34. Nc6 Rxd5 35. Nb8+ Ke6 36. Rf2 e4 37. Nxa6 Rxh5 38. Nb4 e3
39. Re2 Kxf6 40. Kc2 Ke6 41. Nc6 Kd5 42. Nd4 Ke4 43. Rg2 Bf4 44. Kb3 Rh2
45. Rg1 b4 46. Kxb4 Rxb2+ 47. Ka3 Rf2 48. Kb3 e2 49. a4 Bd2 50. Nc2 Rf1 51.
Rg7 e1=Q 52. Nxe1 Bxe1 53. a5 Rf3 54. Rxh7 Rxc3+ 55. Kb2 Rc6 56. Rxf7 Bxa5
0-1

[Event "IsBank TCh-TUR"]
[Site "Konya TUR"]
[Date "2010.07.01"]
[Round "4"]
[White "Okus,M"]
[Black "Sipahioglu,I"]
[Result "0-1"]
[WhiteElo "1878"]
[BlackElo "2057"]
[EventDate "2010.06.29"]

1. c4 Nf6 2. g3 g6 3. Bg2 Bg7 4. Nc3 O-O 5. d4 d6 6. Nf3 c6 7. O-O Qa5 8.
e4 Qh5 9. Nh4 Na6 10. Qxh5 Nxh5 11. Be3 e5 12. Rad1 Nc7 13. f4 Bh6 14. dxe5
dxe5 15. Bc5 exf4 16. Bxf8 Kxf8 17. Bf3 Nf6 18. Be2 fxg3 19. hxg3 Ke7 20.
Kg2 Ng4 21. Bxg4 Bxg4 22. Nf3 Bg7 23. Ne2 Ne6 24. b4 h6 25. Rd3 Rf8 26. b5
Ng5 27. Neg1 Be6 28. bxc6 Nxe4 29. Re3 Nc5 30. cxb7 Rb8 31. Rb1 Kd6 32.
Rd1+ Kc7 33. Nd4 Bxd4 34. Rxd4 Rxb7 35. Re2 Rb4 36. Nf3 Nd7 37. c5 Rb5 38.
Rc2 Bf5 39. Rc3 Rb2+ 40. Rd2 Rb4 41. Kf2 Nf6 42. a3 Ne4+ 43. Ke3 Ra4 44.
Rdc2 Nxc3 45. Rxc3 Re4+ 46. Kf2 Be6 47. Nd2 Ra4 48. Ke3 Bd5 49. Kd3 h5 50.
Ke3 Kc6 51. Kd3 Rg4 52. Ke2 g5 53. Kf2 h4 54. gxh4 Rxh4 55. Kg3 f5 56. Nb3
f4+ 57. Kf2 Rh2+ 58. Kg1 Rh1+ 59. Kf2 Rh2+ 60. Kg1 Rh1+ 61. Kf2 Bxb3 62.
Rxb3 Rh2+ 63. Kg1 Rc2 64. a4 Rxc5 0-1

[Event "IsBank TCh-TUR"]
[Site "Konya TUR"]
[Date "2010.07.01"]
[Round "4"]
[White "Komut,B"]
[Black "Komut,K"]
[Result "1/2-1/2"]
[WhiteElo "2012"]
[BlackElo "1937"]
[EventDate "2010.06.29"]

1. d4 d5 2. c4 e6 3. Nc3 Nf6 4. Bg5 Be7 5. cxd5 exd5 6. Nf3 c6 7. e3 Nbd7
8. Bd3 O-O 9. Qc2 Re8 10. O-O h6 11. Bh4 Ne4 12. Bxe7 Qxe7 13. Bxe4 dxe4
14. Nd2 Nf6 15. Rae1 Bf5 16. f3 Bg6 17. fxe4 Nxe4 18. Ndxe4 Bxe4 19. Nxe4
Qxe4 20. Qxe4 Rxe4 21. Rf4 Rae8 22. Rxe4 Rxe4 23. Kf2 Kf8 24. Kf3 Re6 25.
e4 Ke7 26. Re3 Rf6+ 27. Ke2 Rg6 28. g3 Kd6 29. Rb3 Kc7 30. Ke3 Rf6 31. Ke2
Re6 32. Ke3 Rf6 33. Ke2 Re6 34. Ke3 1/2-1/2

[Event "IsBank TCh-TUR"]
[Site "Konya TUR"]
[Date "2010.07.01"]
[Round "4"]
[White "Morgul,E"]
[Black "Sanal,S"]
[Result "1-0"]
[WhiteElo "1718"]
[BlackElo "1713"]
[EventDate "2010.06.29"]

1. e4 e5 2. Nf3 Nc6 3. Bb5 a6 4. Ba4 Nf6 5. O-O b5 6. Bb3 Be7 7. c3 d6 8.
Re1 O-O 9. h3 Na5 10. Bc2 d5 11. exd5 Nxd5 12. Nxe5 f6 13. Nf3 Bb7 14. d4
Bd6 15. Nh4 Re8 16. Nf5 Rxe1+ 17. Qxe1 Bf4 18. Qe6+ Kf8 19. Ne3 g6 20. Na3
Nxe3 21. Bxe3 Bd5 22. Qg4 Bxe3 23. fxe3 f5 24. Qf4 Qe7 25. Bd3 Re8 26. Nc2
Bc4 27. Rd1 Bxa2 28. Ra1 Bc4 29. Bxf5 Bf7 30. Rxa5 gxf5 31. Qxf5 Kg7 32.
Rxa6 Bg6 33. Qf2 Rf8 34. Qg3 Kh8 35. Nb4 Qf7 36. Qe5+ Kg8 37. Qd5 1-0

[Event "IsBank TCh-TUR"]
[Site "Konya TUR"]
[Date "2010.07.01"]
[Round "4"]
[White "Bal,Sevgican"]
[Black "Ulusoy,Nisan"]
[Result "1/2-1/2"]
[WhiteElo "1609"]
[BlackElo "1613"]
[EventDate "2010.06.29"]

1. d4 Nf6 2. Nf3 g6 3. Bg5 Bg7 4. Nbd2 d5 5. e3 Nbd7 6. Be2 b6 7. c3 Bb7 8.
O-O O-O 9. h3 Rc8 10. a4 h6 11. Bf4 g5 12. Bg3 a6 13. Ne5 Nxe5 14. Bxe5 c5
15. a5 c4 16. axb6 Qxb6 17. b3 cxb3 18. Nxb3 Ne4 19. Nc5 Nxc5 20. dxc5 Qxc5
21. Bd4 Bxd4 22. cxd4 Qd6 23. Qb3 Rc7 24. Qa4 Ra8 25. Rfb1 Rd7 26. Qa5 Qc7
27. Qxc7 Rxc7 28. Ra5 e6 29. Rb6 Bc8 30. g3 1/2-1/2

[Event "IsBank TCh-TUR"]
[Site "Konya TUR"]
[Date "2010.07.01"]
[Round "4"]
[White "Mamedov,Nid"]
[Black "Margvelashvili,G"]
[Result "1/2-1/2"]
[WhiteElo "2614"]
[BlackElo "2529"]
[EventDate "2010.06.29"]

1. e4 c6 2. d4 d5 3. e5 Bf5 4. Nf3 e6 5. Be2 c5 6. Be3 cxd4 7. Nxd4 Ne7 8.
Nd2 Nbc6 9. N2f3 a6 10. O-O Qd7 11. Nxf5 Nxf5 12. Bf4 Bc5 13. Rc1 Nfe7 14.
c4 Ba7 15. a3 O-O 16. cxd5 Nxd5 17. Bg3 Nce7 18. Bd3 h6 19. Qb3 Rac8 20.
Rcd1 Qc6 21. Nd2 Nf5 22. Nf3 Rfd8 23. Be4 Nxg3 24. hxg3 Rd7 25. Rd2 Qb6 26.
Qxb6 Bxb6 27. Rfd1 Rcd8 28. Kf1 Kf8 29. Ke2 Ke7 30. Rd3 g5 1/2-1/2

[Event "IsBank TCh-TUR"]
[Site "Konya TUR"]
[Date "2010.07.01"]
[Round "4"]
[White "Karatekin,T"]
[Black "Arslan,Erda"]
[Result "1/2-1/2"]
[WhiteElo "2265"]
[BlackElo "2126"]
[EventDate "2010.06.29"]

1. e4 c5 2. d3 Nc6 3. g3 g6 4. Bg2 Bg7 5. f4 e6 6. Nf3 Nge7 7. O-O O-O 8.
c3 d5 9. Na3 Rb8 10. e5 b5 11. Nc2 b4 12. c4 f6 13. exf6 Bxf6 14. Ne3 Bg7
15. Qe2 Nd4 16. Nxd4 Bxd4 17. Kh1 Qd6 18. Ng4 Nf5 19. Ne5 Bb7 20. Re1 Rbe8
21. Rb1 a5 22. Nf3 Bg7 23. b3 Bc3 24. Rd1 Nd4 25. Nxd4 Bxd4 26. Re1 e5 27.
Bd2 Qd7 28. Qd1 dxc4 29. dxc4 Bxg2+ 30. Kxg2 Qc6+ 31. Kh3 e4 32. Be3 Rd8
33. Qg4 Bc3 34. Re2 Rd3 35. Rf1 Rf5 36. Kg2 h5 37. Qh3 Bd4 38. Rfe1 Qd6 39.
Bxd4 Rxd4 40. Kg1 Rd1 41. Qg2 Qd4+ 42. Qf2 Qxf2+ 43. Kxf2 Rd7 44. Rxe4 Kf7
45. Kf3 Rf6 46. Re5 Rc6 47. R1e2 a4 48. bxa4 Ra7 49. Rd5 Rxa4 50. Rd7+ Kf6
51. Ree7 Rxa2 52. Rf7+ Ke6 53. Rde7+ Kd6 54. Rb7 Ke6 55. Rg7 Kf6 56. Ke4
Re6+ 57. Kd5 Rd2+ 58. Kxc5 Kf5 59. Rxb4 Rxh2 60. Rb6 Rxb6 61. Kxb6 Rg2 62.
c5 Rxg3 63. c6 Kxf4 64. c7 Rb3+ 65. Kc6 Rc3+ 66. Kd7 g5 67. Rg8 g4 68. c8=Q
Rxc8 69. Rxc8 g3 70. Ke6 g2 71. Rf8+ Kg3 72. Rg8+ Kh2 73. Rh8 g1=Q 74.
Rxh5+ Kg2 75. Rg5+ Kf2 76. Rxg1 Kxg1 1/2-1/2

[Event "IsBank TCh-TUR"]
[Site "Konya TUR"]
[Date "2010.07.01"]
[Round "4"]
[White "Nikolova,A"]
[Black "Gaponenko,I"]
[Result "1/2-1/2"]
[WhiteElo "2318"]
[BlackElo "2465"]
[EventDate "2010.06.29"]

1. e4 c5 2. Nf3 d6 3. d4 cxd4 4. Nxd4 Nf6 5. Nc3 g6 6. f3 Bg7 7. Be3 Nc6 8.
Bc4 O-O 9. Qd2 Bd7 10. O-O-O Qa5 11. Bb3 Rfc8 12. g4 Ne5 13. h4 b5 14. h5
b4 15. Nce2 Nc4 16. Bxc4 Rxc4 17. Kb1 Rac8 18. Rc1 Qc7 19. hxg6 fxg6 20.
Nb3 Be6 21. Nf4 Bf7 22. g5 Nh5 23. Nd5 Bxd5 24. Qxd5+ Kh8 25. Rh2 e6 26.
Qxe6 d5 27. Rd2 dxe4 28. fxe4 Nf4 29. Qa6 Rxe4 30. Qxa7 Qxa7 31. Bxa7 Nh3
32. Rd5 Rce8 33. Bc5 Be5 34. Bxb4 Rxb4 35. Re1 Nxg5 36. Rdxe5 Rxe5 37. Rxe5
Nf7 38. Re8+ Kg7 39. c3 Rg4 40. Nd4 h5 41. a4 h4 42. a5 h3 43. Re2 Rh4 44.
Nf3 Rh8 45. b4 g5 46. Nh2 Kf6 47. b5 Ne5 48. b6 g4 49. Nxg4+ Nxg4 50. a6
Ne5 51. a7 Nc6 52. Rh2 Nxa7 53. bxa7 Ra8 54. Rxh3 Rxa7 55. Re3 Re7 56. Rd3
Ke6 57. Kc2 Rd7 58. Rh3 Kd6 59. Rh6+ Kc5 60. Kb3 1/2-1/2

[Event "IsBank TCh-TUR"]
[Site "Konya TUR"]
[Date "2010.07.01"]
[Round "4"]
[White "Okay,I"]
[Black "Bolat,A"]
[Result "0-1"]
[WhiteElo "1865"]
[BlackElo "2016"]
[EventDate "2010.06.29"]

1. e4 c5 2. Nf3 Nc6 3. d4 cxd4 4. Nxd4 Qb6 5. Nb3 Nf6 6. Nc3 e6 7. Bd3 a6
8. Qe2 Bb4 9. Bd2 O-O 10. a3 Be7 11. O-O d6 12. Kh1 Ne5 13. f4 Nxd3 14.
Qxd3 Qc7 15. Rae1 Rd8 16. Rf3 Bd7 17. Nd4 Rac8 18. e5 Ne8 19. Rh3 g6 20.
Nf5 gxf5 21. Qg3+ Ng7 22. Rh6 Bc6 23. Qh3 dxe5 24. Rxh7 Bxg2+ 25. Kxg2
Rxd2+ 26. Kf1 Qc4+ 27. Ne2 f6 28. fxe5 Rxe2 29. Rxe2 fxe5 30. Qh6 Qf4+ 31.
Ke1 Qxh6 32. Rxh6 Kf7 33. c3 e4 34. Rh3 Rd8 35. Kf1 Bg5 36. c4 e3 37. Rf3
Rd4 38. b3 Kf6 39. Rc2 e5 40. b4 e4 41. Rh3 f4 42. Rc1 f3 43. Ke1 e2 44.
Rb1 Nf5 0-1

[Event "IsBank TCh-TUR"]
[Site "Konya TUR"]
[Date "2010.07.01"]
[Round "4"]
[White "Yurtseven,M"]
[Black "Yuksel,G"]
[Result "1/2-1/2"]
[WhiteElo "1964"]
[BlackElo "1825"]
[EventDate "2010.06.29"]

1. e4 c6 2. d4 d5 3. Nd2 h6 4. Ne2 e6 5. e5 c5 6. c3 Nc6 7. f4 Qb6 8. Nf3
cxd4 9. cxd4 Bb4+ 10. Kf2 Qc7 11. a3 Ba5 12. g3 Nge7 13. Bh3 Bd7 14. b4 Bb6
15. Bb2 a6 16. Rc1 O-O 17. Kg2 Rac8 18. a4 Qb8 19. Ba3 Rfe8 20. Qb3 Na7 21.
Rxc8 Qxc8 22. Rc1 Qb8 23. Kh1 Rc8 24. Rxc8+ Nexc8 25. Nc1 Bd8 26. Nd3 Nb6
27. Nc5 Be8 28. Nd2 Qc8 29. Bf1 Qc6 30. b5 axb5 31. axb5 Nxb5 32. Bxb5 Qxb5
33. Qxb5 Bxb5 34. Nxb7 Bc7 35. Bd6 Na8 36. Bxc7 Nxc7 37. Kg1 Kf8 38. Kf2
Na6 39. Nd6 Ba4 40. Nb1 Nb4 41. Na3 Nc2 42. Nxc2 Bxc2 43. Ke3 Ba4 44. Kd3
Bd1 45. Kc3 Bh5 46. Kb4 Bd1 47. Ka5 g6 48. Kb6 h5 49. Kc7 Ba4 50. Kd8 Bc6
51. Nc8 Ba4 52. Na7 Be8 53. Nc8 Ba4 54. Nd6 Bc6 55. Nc8 Bb5 56. Nb6 Bc6 57.
Nd7+ Bxd7 58. Kxd7 Kg8 59. Ke7 Kg7 60. h3 Kg8 61. Kf6 Kf8 62. g4 hxg4 63.
hxg4 Ke8 64. f5 gxf5 65. gxf5 exf5 66. Kxf5 Ke7 67. Kf4 Kd7 68. Kg4 Kd8 69.
Kg5 Ke7 70. Kf5 Kd7 71. Kf6 Ke8 72. e6 fxe6 73. Kxe6 Kd8 74. Kd6 Ke8 75.
Kxd5 Kd7 76. Ke5 Ke7 77. d5 Kd7 78. d6 Kd8 79. Kd5 Kd7 1/2-1/2

[Event "IsBank TCh-TUR"]
[Site "Konya TUR"]
[Date "2010.07.02"]
[Round "5"]
[White "Gaponenko,I"]
[Black "Majdan,J"]
[Result "1/2-1/2"]
[WhiteElo "2465"]
[BlackElo "2348"]
[EventDate "2010.06.29"]

1. e4 c5 2. Nf3 d6 3. d4 cxd4 4. Nxd4 Nf6 5. Nc3 a6 6. Be3 e5 7. Nb3 Be7 8.
Qd2 O-O 9. O-O-O Be6 10. f4 b5 11. Kb1 Bd7 12. fxe5 dxe5 13. Bg5 b4 14. Nd5
Nxd5 15. Qxd5 Bxg5 16. Qxa8 Bc6 17. Rxd8 Rxd8 18. Qxb8 Rxb8 19. Bd3 Bd8 20.
Rf1 a5 21. Bc4 Be8 22. Bd5 Kf8 23. Nd2 Ke7 24. Nc4 f6 25. Rf3 Rc8 26. a3
Bg6 27. Re3 Rc5 28. axb4 axb4 29. b3 Bc7 30. g4 Bb8 31. h4 Ba7 32. Rg3 Rc7
33. h5 Be8 34. Bg8 Rd7 35. c3 bxc3 36. Rxc3 Bd4 37. Rg3 h6 38. Na5 Ra7 39.
b4 Bb6 40. Nc4 Bd4 41. Na5 Bb6 42. Nc4 Bd4 1/2-1/2

[Event "IsBank TCh-TUR"]
[Site "Konya TUR"]
[Date "2010.07.02"]
[Round "5"]
[White "Koc,O"]
[Black "Cakan,C"]
[Result "0-1"]
[WhiteElo "1851"]
[BlackElo "1990"]
[EventDate "2010.06.29"]

1. e4 c6 2. d4 d5 3. exd5 cxd5 4. Bd3 Nc6 5. c3 Nf6 6. Bf4 Bg4 7. Qb3 Qd7
8. Nd2 e6 9. Ngf3 Bxf3 10. Nxf3 Bd6 11. Bg3 O-O 12. O-O Bxg3 13. hxg3 a6
14. Rfe1 Ng4 15. Qc2 h6 16. Ne5 Ngxe5 17. dxe5 Rac8 18. Qe2 Rfd8 19. Rad1
Qe7 20. Bb1 Qc5 21. g4 g6 22. Qd2 Kg7 23. Qf4 Qe7 24. Rd3 Qg5 25. Qg3 h5
26. gxh5 Qxh5 27. Qf4 Qf5 28. Qc1 Rh8 29. Rh3 Qg4 30. Rg3 Qh4 31. Rh3 Qe7
32. Ree3 Rxh3 33. Rxh3 Rh8 34. Rxh8 Kxh8 35. Qf4 Kg8 36. Qe3 Qh4 37. f4 Qg4
38. Bc2 Kg7 39. b3 Qh4 40. b4 Qe7 41. a3 Qd8 42. Qd3 Qb6+ 43. Kf1 a5 44. b5
Ne7 45. g4 Qc5 46. a4 Qa3 47. Qd2 Qa2 48. Qd3 Qc4 49. Qxc4 dxc4 50. Be4 b6
51. Ke2 f6 52. Ke3 fxe5 53. fxe5 Kh6 54. Kd4 Kg5 55. Bf3 Kf4 56. Be2 g5 57.
Bxc4 Ng6 58. Bxe6 Nxe5 59. c4 Nf3+ 0-1

[Event "IsBank TCh-TUR"]
[Site "Konya TUR"]
[Date "2010.07.02"]
[Round "5"]
[White "Yuksel,G"]
[Black "Temizkan,D"]
[Result "1-0"]
[WhiteElo "1825"]
[BlackElo "1814"]
[EventDate "2010.06.29"]

1. e4 e5 2. Nf3 Nc6 3. Bc4 Nf6 4. d4 exd4 5. e5 d5 6. Bb5 Ne4 7. Nxd4 Bd7
8. Bxc6 bxc6 9. O-O Bc5 10. f3 Ng5 11. f4 Ne4 12. Be3 O-O 13. Nd2 Nxd2 14.
Qxd2 Bb6 15. Nb3 Bf5 16. Bc5 Re8 17. Qc3 Qd7 18. a4 a5 19. Rf2 Be4 20. Re1
Re6 21. Qd2 Qe8 22. Qd4 Rb8 23. Qc3 Ra8 24. Nd4 Rh6 25. Ne2 Rd8 26. Nd4 Ra8
27. h3 Rb8 28. b3 Rd8 29. Kh2 Qd7 30. f5 Qe8 31. e6 fxe6 32. fxe6 Rxe6 33.
Nxe6 Qxe6 34. Ref1 h6 35. Rf8+ Rxf8 36. Rxf8+ Kh7 37. Rf2 Qg6 38. b4 axb4
39. Qxb4 Bxc2 40. a5 Bxc5 41. Qxc5 Bd3 42. Qe7 Qd6+ 43. Qxd6 cxd6 44. Ra2
Ba6 45. Rb2 Bb5 46. Rxb5 cxb5 47. a6 1-0

[Event "IsBank TCh-TUR"]
[Site "Konya TUR"]
[Date "2010.07.02"]
[Round "5"]
[White "Heberla,B"]
[Black "Ozturk,E"]
[Result "1-0"]
[WhiteElo "2532"]
[BlackElo "2208"]
[EventDate "2010.06.29"]

1. e4 c6 2. c4 d5 3. cxd5 cxd5 4. exd5 Nf6 5. Nc3 g6 6. d4 Bg7 7. Bc4 O-O
8. Nge2 Nbd7 9. Bb3 Nb6 10. Nf4 Bf5 11. Qe2 Rc8 12. O-O a6 13. h3 Qd6 14.
Re1 Rc7 15. g4 Bc8 16. g5 Ne8 17. Ne4 Qd7 18. Bd2 Bxd4 19. Rad1 Be5 20. Nc5
Rxc5 21. Qxe5 Nc4 22. Bxc4 Rxc4 23. b3 Rc2 24. Bb4 Nd6 25. Qxe7 Qxe7 26.
Rxe7 Nf5 27. d6 Rd8 28. Rde1 Bd7 29. Ba5 Nxe7 30. Rxe7 Re8 31. Rxd7 Rc5 32.
Bd8 1-0

[Event "IsBank TCh-TUR"]
[Site "Konya TUR"]
[Date "2010.07.02"]
[Round "5"]
[White "Aslan,C"]
[Black "Sahin,Handenur"]
[Result "1-0"]
[WhiteElo "1572"]
[BlackElo "1656"]
[EventDate "2010.06.29"]

1. e4 e5 2. Nf3 Nf6 3. d4 Nxe4 4. Bd3 d5 5. Nxe5 Bd6 6. Nc3 Nf6 7. O-O O-O
8. f4 c5 9. dxc5 Bxc5+ 10. Kh1 Nc6 11. Qf3 Nd4 12. Qd1 a6 13. g4 Nc6 14.
Nxc6 bxc6 15. f5 d4 16. Ne4 Nxe4 17. Bxe4 Bb7 18. g5 Qe7 19. Rf4 Bd6 20.
Rh4 c5 21. Bxb7 Qxb7+ 22. Kg1 Be7 23. Qh5 h6 24. gxh6 Bxh4 25. hxg7 Kxg7
26. Bh6+ Kf6 27. Qxh4+ Ke5 28. Re1+ Kd6 29. Bxf8+ Rxf8 30. Qh6+ Kd5 31.
Qxf8 Kc4 32. b3+ Kb4 33. a3+ Kb5 34. Re7 Qf3 35. Qb8+ Ka5 36. Qc7+ Kb5 37.
Qb7+ 1-0

[Event "IsBank TCh-TUR"]
[Site "Konya TUR"]
[Date "2010.07.02"]
[Round "5"]
[White "Tsatsalashvili,K"]
[Black "Ushenina,A"]
[Result "1/2-1/2"]
[WhiteElo "2257"]
[BlackElo "2468"]
[EventDate "2010.06.29"]

1. d4 Nf6 2. c4 e6 3. Nf3 d5 4. g3 Bb4+ 5. Bd2 Be7 6. Bg2 O-O 7. Qc2 c6 8.
O-O Nbd7 9. Rd1 b6 10. Bf4 Ba6 11. Bd2 Bc8 12. Bf4 Ba6 13. b3 Rc8 14. Nc3
Re8 15. e4 dxc4 16. Nd2 b5 17. bxc4 bxc4 18. Na4 c5 19. d5 Nh5 20. dxe6
fxe6 21. Be3 Bf6 22. Rac1 Bd4 23. Nxc4 Bxc4 24. Qxc4 Bxe3 25. fxe3 Qe7 26.
Qa6 Qg5 27. Qe2 Nhf6 28. Qf3 Ne5 29. Qf4 Qh5 30. h3 Ng6 31. Qd6 c4 32. Rd4
Ne5 33. Nb2 Rc6 34. Qb4 Nf3+ 35. Bxf3 Qxf3 36. Qe1 Nxe4 37. Kh2 Rf8 38.
Rcxc4 Rxc4 39. Nxc4 h5 40. Nd2 Nxd2 41. Rxd2 h4 42. Rg2 Rd8 43. Qf2 hxg3+
44. Qxg3 Qxg3+ 45. Kxg3 Rd3 46. Kf4 Ra3 47. Ke4 Kf7 48. Rf2+ Ke7 49. Rc2
Kf6 50. Rf2+ Kg6 51. Rg2+ Kh6 52. Rc2 Kh5 53. Rc6 e5 54. Rc5 Rxa2 55. Rxe5+
g5 56. Re6 a5 57. Kf3 Ra3 58. Ra6 a4 59. Kf2 Ra2+ 60. Kg3 Ra1 61. e4 Ra3+
62. Kg2 Ra1 63. e5 a3 64. e6 Kg6 65. e7+ Kf7 66. Ra7 a2 67. Kh2 Ke8 1/2-1/2

[Event "IsBank TCh-TUR"]
[Site "Konya TUR"]
[Date "2010.07.02"]
[Round "5"]
[White "Buyukasik,D"]
[Black "Sanal,V"]
[Result "0-1"]
[WhiteElo "2034"]
[BlackElo "2106"]
[EventDate "2010.06.29"]

1. d4 g6 2. Nf3 Nf6 3. g3 Bg7 4. Bg2 O-O 5. O-O d6 6. c4 Nc6 7. Nc3 a6 8.
e4 Bg4 9. h3 Bxf3 10. Bxf3 Nd7 11. Be3 e5 12. d5 Nd4 13. Bg2 Rb8 14. f4 c5
15. dxc6 bxc6 16. fxe5 dxe5 17. Qd2 Qa5 18. Kh2 Nc5 19. Rad1 Rfd8 20. Qf2
Rd7 21. Rd2 Qb4 22. Ne2 Qxc4 23. Rc1 Qb5 24. a4 Qb4 25. Nxd4 exd4 26. Bf4
Rc8 27. e5 Ne6 28. Rxc6 Rxc6 29. Bxc6 Rc7 30. Bd5 g5 31. Bxe6 gxf4 32. Bd5
fxg3+ 33. Kxg3 Bxe5+ 34. Kg2 Qd6 35. Qf3 Qg6+ 36. Qg4 a5 37. Be4 Qxg4+ 38.
hxg4 Rc4 39. b3 Rc3 40. Rd3 Rc2+ 41. Kf3 Rh2 42. Bf5 Kg7 43. Ke4 Re2+ 44.
Kd5 Bf6 45. Kc4 Re8 46. Kb5 Re5+ 47. Kc4 h5 48. Rf3 h4 49. g5 Bxg5 50. Kxd4
f6 51. Kc4 Bd2 52. Rf2 Be3 53. Rf3 Kh6 54. b4 Kg5 55. Bc8 axb4 56. Kxb4
Bd2+ 57. Kc4 f5 58. Kd3 Bf4 59. Bb7 Kg4 60. Rf1 Be3 61. a5 Bf4 62. a6 Be3
0-1

[Event "IsBank TCh-TUR"]
[Site "Konya TUR"]
[Date "2010.07.02"]
[Round "5"]
[White "Secer,A"]
[Black "Dogan,N"]
[Result "0-1"]
[WhiteElo "2325"]
[BlackElo "2097"]
[EventDate "2010.06.29"]

1. e4 e6 2. d4 d5 3. Nc3 Bb4 4. e5 c5 5. a3 Bxc3+ 6. bxc3 Ne7 7. Qg4 cxd4
8. Qxg7 Rg8 9. Qxh7 Qc7 10. Ne2 Nbc6 11. f4 dxc3 12. Qd3 d4 13. Nxd4 Nxd4
14. Qxd4 Bd7 15. Rg1 Nf5 16. Qf2 Qc6 17. g4 Qe4+ 18. Qe2 Qd4 19. Rg2 Bc6
20. Rf2 Nh4 21. Qe3 Qxe3+ 22. Bxe3 Nf3+ 23. Ke2 Ng1+ 24. Ke1 Nf3+ 25. Ke2
Ng1+ 26. Kd3 Rxg4 27. Kxc3 Rh4 28. Bg2 Rc8 29. Kd3 Bb5+ 30. Kd2 Rd8+ 31.
Ke1 Rxh2 32. Bf1 Bc6 33. Rxh2 Nf3+ 34. Kf2 Nxh2 35. Be2 f5 36. exf6 Kf7 37.
Rg1 Be4 38. Rg5 Rh8 39. Rg7+ Kxf6 40. Bd4+ e5 41. Bxe5+ 0-1

[Event "IsBank TCh-TUR"]
[Site "Konya TUR"]
[Date "2010.07.02"]
[Round "5"]
[White "Arig,B"]
[Black "Tulay,S"]
[Result "1-0"]
[WhiteElo "1778"]
[BlackElo "1788"]
[EventDate "2010.06.29"]

1. d4 d5 2. Nf3 Nf6 3. Bg5 e6 4. e3 Nbd7 5. Bd3 Be7 6. O-O O-O 7. Nbd2 c5
8. c3 b6 9. Qe2 Bb7 10. e4 dxe4 11. Nxe4 Nxe4 12. Bxe7 Nxc3 13. Bxh7+ Kh8
14. bxc3 Qxe7 15. Bc2 Bxf3 16. Qxf3 g6 17. Rfe1 cxd4 18. cxd4 Qg5 19. Re4
Kg7 20. Rg4 Qh5 21. Qf4 Rh8 22. h3 Nf6 23. Rg5 Qh4 24. Qe3 Rh5 25. Rg3 Nd5
26. Qf3 Rg5 27. Rxg5 Qxg5 28. Be4 Rd8 29. g3 Qd2 30. h4 Qxd4 31. Rd1 Qf6
32. Qb3 Qe5 33. Bg2 Rd7 34. Qb5 Rd8 35. Qa6 Qc7 36. Qd3 Qc5 37. Qb3 Rd7 38.
Qb2+ Kg8 39. Rc1 Qb4 40. Rc8+ Qf8 41. Rxf8+ Kxf8 42. Qa3+ Kg7 43. Qa4 Nf6
44. Bc6 Rc7 45. Bf3 Rc3 46. Kg2 Rc7 47. Qd4 Rd7 48. Qc3 Re7 49. Qe5 Rd7 50.
g4 1-0

[Event "IsBank TCh-TUR"]
[Site "Konya TUR"]
[Date "2010.07.02"]
[Round "5"]
[White "Uzun,S"]
[Black "Firat,B"]
[Result "0-1"]
[WhiteElo "1966"]
[BlackElo "2403"]
[EventDate "2010.06.29"]

1. e4 e6 2. d4 d5 3. Nc3 Nf6 4. Bg5 Bb4 5. e5 h6 6. Be3 Ne4 7. Nge2 Nf6 8.
Ng1 Ne4 9. Nge2 c5 10. a3 Ba5 11. b4 Nxc3 12. Nxc3 cxb4 13. Nb5 b3+ 14. c3
b2 15. Rb1 O-O 16. Bd2 f6 17. Bd3 fxe5 18. dxe5 Nd7 19. Qh5 Nc5 20. Bc2 Ne4
21. Qg6 Qb6 22. Nd4 Qc7 23. Bxe4 dxe4 24. Qg3 Qc4 25. Qe3 b6 26. Qe2 Qd5
27. Rxb2 Bb7 28. Qe3 Ba6 29. f3 Rac8 30. Kf2 Qxe5 31. Re1 Qxh2 32. Qxe4
Bxc3 33. Bxc3 Rxc3 34. Nxe6 Rfxf3+ 35. Qxf3 Qh4+ 36. g3 Rxf3+ 37. Kxf3 Qf6+
0-1

[Event "IsBank TCh-TUR"]
[Site "Konya TUR"]
[Date "2010.07.02"]
[Round "5"]
[White "Tulay,B"]
[Black "Erturan,Y"]
[Result "0-1"]
[WhiteElo "2163"]
[BlackElo "2377"]
[EventDate "2010.06.29"]

1. d4 Nf6 2. Nf3 e6 3. c4 b6 4. g3 Bb7 5. Bg2 c5 6. O-O cxd4 7. Nxd4 Bxg2
8. Kxg2 Be7 9. b3 Bf8 10. Kg1 Be7 11. Kg2 O-O 12. Bb2 d5 13. Nd2 Bc5 14. e3
Na6 15. Qe2 Rc8 16. a3 Bxd4 17. exd4 Nc7 18. Rac1 dxc4 19. bxc4 b5 20. c5
Qd5+ 21. f3 Nd7 22. Ne4 a6 23. Qd2 Nb8 24. c6 f5 25. Rc5 Qd8 26. Nc3 Qd6
27. Qf4 Rfd8 28. Rd1 Nxc6 29. Qxd6 Rxd6 30. d5 exd5 31. Nxd5 Ne6 32. Rc2
Rcd8 33. Rcd2 Kf7 34. Bc3 Nc5 35. Nb4 Rxd2+ 36. Rxd2 Rxd2+ 37. Bxd2 Nxb4
38. axb4 Nb3 39. Bc3 g6 40. Kf2 Ke6 41. Ke3 Kd5 42. h4 Kc4 43. Be1 Nd4 44.
Kf4 Nc2 45. Bd2 Nxb4 46. Kg5 a5 47. Kh6 a4 48. Kxh7 a3 49. Bc1 a2 50. Bb2
Nd3 51. Ba1 b4 52. Kxg6 b3 0-1

[Event "IsBank TCh-TUR"]
[Site "Konya TUR"]
[Date "2010.07.02"]
[Round "5"]
[White "Savchenko,B"]
[Black "Bayram,Y"]
[Result "0-1"]
[WhiteElo "2642"]
[BlackElo "2288"]
[EventDate "2010.06.29"]

1. c4 e5 2. Nc3 Nc6 3. g3 g6 4. Bg2 Bg7 5. e3 d6 6. Nge2 h5 7. d4 h4 8. d5
Nce7 9. Ne4 Bh6 10. f4 h3 11. Bf1 exf4 12. Qd4 Rh7 13. exf4 Bg7 14. Qe3 Kf8
15. N2c3 Bg4 16. Nf2 Nf5 17. Qd3 Qe7+ 18. Be2 Bxe2 19. Qxe2 Qd7 20. O-O a6
21. Bd2 Nd4 22. Qd3 Qf5 23. Nce4 c6 24. Bc3 c5 25. Nxd6 Qd7 26. Nfe4 Nh6
27. Nxb7 Qxb7 28. Nxc5 Qa7 29. Bxd4 Bxd4+ 30. Qxd4 Nf5 31. Qf2 Rc8 32. b4
Nd6 33. Rae1 Kg8 34. a3 Nxc4 35. f5 g5 36. f6 Kh8 37. Qe2 Nd6 38. Qxa6 Nc4
0-1

[Event "IsBank TCh-TUR"]
[Site "Konya TUR"]
[Date "2010.07.02"]
[Round "5"]
[White "Mchedlishvili,M"]
[Black "Lastin,A"]
[Result "1/2-1/2"]
[WhiteElo "2630"]
[BlackElo "2643"]
[EventDate "2010.06.29"]

1. d4 Nf6 2. c4 e6 3. Nf3 d5 4. g3 Bb4+ 5. Bd2 Be7 6. Bg2 O-O 7. O-O c6 8.
Bf4 Nbd7 9. Nc3 Nh5 10. Bc1 Nhf6 11. Bf4 Nh5 12. Bc1 Nhf6 13. Bf4 Nh5 14.
Bc1 1/2-1/2

[Event "IsBank TCh-TUR"]
[Site "Konya TUR"]
[Date "2010.07.02"]
[Round "5"]
[White "Margvelashvili,G"]
[Black "Gajewski,G"]
[Result "1-0"]
[WhiteElo "2529"]
[BlackElo "2572"]
[EventDate "2010.06.29"]

1. d4 Nf6 2. c4 e6 3. Nf3 d5 4. Nc3 Bb4 5. Bg5 h6 6. Bxf6 Qxf6 7. e3 O-O 8.
Rc1 Nc6 9. Qb3 Rd8 10. cxd5 exd5 11. Bb5 Bd6 12. Qxd5 Qg6 13. Nh4 Qf6 14.
Nf3 Qg6 15. Nh4 Qf6 16. Qh5 g6 17. Qxh6 Bf8 18. Ne4 Bxh6 19. Nxf6+ Kg7 20.
Ne4 Rxd4 21. Rc4 Rxc4 22. Bxc4 Ne5 23. Be2 Be6 24. f4 Nc4 25. Bxc4 Bxc4 26.
Nc3 b5 27. b3 b4 28. bxc4 bxc3 29. Ke2 Rb8 30. Kd3 Rb2 31. Kxc3 Rxa2 32.
Rb1 Kf8 33. Rb7 Bg7+ 34. Kd3 c6 35. g4 a5 36. Nf3 Bf6 37. e4 Ra3+ 38. Ke2
Ra2+ 39. Ke3 Ra3+ 40. Kf2 Ra2+ 41. Kg3 Bc3 42. e5 f6 43. exf6 Bxf6 44. g5
Bc3 45. h4 Ra4 46. h5 gxh5 47. g6 Rxc4 48. Ng5 Rb4 49. Ra7 Rb8 50. f5 Be5+
51. Kh4 Kg8 52. Kxh5 1-0